International health organisations and movements (Registro nro. 296846)

Detalles MARC
000 -ENCABEZADO
Número de control [NR] 01011cam a2200265Mc 4500
005 - FECHA Y HORA DE LA ÚLTIMA TRANSACCIÓN
control field 20180313054547.0
008 - DE LONGITUD FIJA DE DATOS DE ELEMENTOS - INFORMACIÓN GENERAL
Elementos de longitud fija [NR] 140922s1995 enk fr 001 0 eng d
020 ## - NUMERO INTERNACIONAL NORMALIZADO PARA LIBROS [R]
Número Internacional Normalizado del libro [NR] 9780521450126
020 ## - NUMERO INTERNACIONAL NORMALIZADO PARA LIBROS [R]
Número Internacional Normalizado del libro [NR] 0521450128
040 ## - FUENTE DE CATALOGACION [NR]
Agencia de catalogación original [NR] CO-BoUCM
Idioma de catalogación [NR] spa
Quien Cataloga Sandra Palacio (modificó)
Quien Clasifica Jose A. Gerena
041 0# - CODIGO DE IDIOMA [R]
Código de idioma para texto/pista de sonido o título separado [R] Inglés
060 ## - SIGNATURA TOPOGRAFICA DE LA BIBLIOTECA NACIONAL DE MEDICINA (NLM) [R]
Número clasificador [R] WA 11.1
245 00 - MENCION DE TITULO [NR]
Título [NR] International health organisations and movements
Mención de responsabilidad, etc. [NR] editor Paul Weindling
Parte restante del título [NR] 1918-1939
260 3# - PUBLICACION, DISTRIBUCION, ETC. (PIE DE IMPRENTA) [R]
Lugar de publicación, distribución, etc. [R] Cambridge (Inglaterra)
Nombre del editor, distribuidor, etc. [R] Cambridge University press
Fecha de publicación, distribución, etc. [R] 1995
300 ## - DESCRIPCION FISICA [R]
Extensión [R] xvi, 337 páginas
490 0# - MENCION DE SERIE [R]
Mención de serie [R] Cambridge history of medicine
504 ## - NOTA DE BIBLIOGRAFIA, ETC. [R]
Nota de bibliografía, etc. [NR] Incluye referencias bibliográficas e índices
650 #7 - ASIENTO SECUNDARIO DE MATERIA - TERMINO TEMATICO [R]
9 (RLIN) 8073
Término temático o nombre geográfico como elemento de entrada [NR] Salud pública
Subdivisión general [R] Historia
Subdivisión cronológica [R] Siglo XX
650 #7 - ASIENTO SECUNDARIO DE MATERIA - TERMINO TEMATICO [R]
9 (RLIN) 20845
Término temático o nombre geográfico como elemento de entrada [NR] Organismos internacionales
Subdivisión general [R] Historia
Subdivisión cronológica [R] Siglo XX
650 #7 - ASIENTO SECUNDARIO DE MATERIA - TERMINO TEMATICO [R]
9 (RLIN) 21996
Término temático o nombre geográfico como elemento de entrada [NR] Política médica
Subdivisión general [R] Historia
Subdivisión cronológica [R] Siglo XX
690 ## - ASUNTO AGREGADO LOCAL DE ENTRADA - TÉRMINO TEMÁTICO (OCLC, RLIN)
Acceso temático local Salud pública
9 (RLIN) 8073
690 ## - ASUNTO AGREGADO LOCAL DE ENTRADA - TÉRMINO TEMÁTICO (OCLC, RLIN)
Acceso temático local Historia de la medicina
9 (RLIN) 26510
700 1# - ASIENTO SECUNDARIO - NOMBRE PERSONAL [R]
Nombre personal [NR] Weindling, Paul
Término de relación [R] editor
9 (RLIN) 64696
942 ## - ELEMENTOS DE ENTRADA AGREGADOS (KOHA)
Sistema de clasificación NLM
Tema principal Ciencias de la salud
Tipo de ítem principal el descrito en 300a Libro
Edición 1
Clasificación WA 11
Parte restante de la signatura top. I612
Título oculto en OPAC No
Existencias
Fecha de último préstamo Total préstamos Total Renewals Signatura topográfica Código de barras Última vez visto Ejemplar Costo de reposición Price effective from Tipo de ítem Perdido Sistema de clasificación Dañado No prestable Tipo de ítem específico Suprimido Ubicación habitual Ubicación actual Localización Fecha de creación Proveedor Forma de adquisición Costo
27/08/2016 5 9 WA 11.1 I612 200027780 12/12/2025 Ej.1 224285.00 18/09/2014 Libro   NLM     Libro   Quinta de Mutis Quinta de Mutis 1er piso 18/09/2014 15 Compra 221780.00
01/03/2016 1   WA 11.1 I612 200028973 12/12/2025 Ej.2 156465.00 26/02/2016 Libro   NLM     Libro   Quinta de Mutis Quinta de Mutis 1er piso 26/02/2016 15 Compra 156465.00